[Event "Heusenstamm Sparkassen op 11th"]
[Site "Heusenstamm"]
[Date "2024.11.24"]
[Round "7"]
[White "Udelnov, Valentin"]
[Black "Kessler, Georg"]
[Result "1-0"]
[WhiteElo "1980"]
[BlackElo "1876"]
[PlyCount "45"]
[EventDate "2024.11.21"]
[EventType "swiss"]
[EventRounds "7"]
[EventCountry "GER"]
[SourceTitle "CB51_2024"]
[SourceDate "2024.12.18"]
[SourceVersion "1"]
[SourceVersionDate "2024.12.18"]
[SourceQuality "1"]

1. e4 e5 2. Nf3 Nf6 3. Nxe5 d6 4. Nf3 Nxe4 5. d4 d5 6. Bd3 Bd6 7. 0-0 0-0 8. c4 c6 9. Qc2 Re8 10. Re1 Bf5 11. Nc3 Na6 12. a3 Nxc3 13. Bxf5 Rxe1+ 14. Nxe1 Ne4 15. Bxe4 dxe4 16. Qxe4 Qd7 17. Be3 Re8 18. Qf3 Qc7 19. h3 Qa5 20. Nd3 Re6 21. Rc1 Rf6 22. Qg4 Qd8 23. Bg5 1-0

[Event "Biel HTO 57th"]
[Site "Biel"]
[Date "2024.07.15"]
[Round "1"]
[White "Udelnov, Valentin"]
[Black "Nurmanova, Alua"]
[Result "0-1"]
[WhiteElo "1965"]
[BlackElo "2266"]
[PlyCount "68"]
[EventDate "2024.07.15"]
[EventType "swiss"]
[EventRounds "10"]
[EventCountry "SUI"]
[SourceTitle "CBM 221"]
[Source "ChessBase"]
[SourceDate "2024.08.31"]
[SourceVersion "1"]
[SourceVersionDate "2024.08.31"]
[SourceQuality "1"]

1. e4 c5 2. Nf3 d6 3. d4 cxd4 4. Nxd4 Nf6 5. Nc3 a6 6. Bc4 e6 7. a4 Nxe4 8. Nxe4 d5 9. Bg5 Be7 10. Bxe7 Qxe7 11. Bb5+ axb5 12. Nxb5 0-0 13. Nec3 Nc6 14. 0-0 Rd8 15. f4 e5 16. fxe5 d4 17. Ne4 Nxe5 18. Nf2 Qg5 19. Re1 Bd7 20. h4 Qf6 21. Nxd4 Bxa4 22. b3 Rxd4 23. Qe2 Re8 24. bxa4 Qxh4 25. c3 Rdd8 26. Qb5 Qg3 27. Qxb7 Rd2 28. Rf1 f5 29. Rae1 Qxc3 30. Ng4 Qd4+ 31. Nf2 Rb2 32. Qc7 g6 33. Rd1 Qf4 34. a5 Nf3+ 0-1

[Event "Oberliga Ost-A 2324"]
[Site "Germany"]
[Date "2024.03.16"]
[Round "8.4"]
[White "Udelnov, Valentin"]
[Black "Richter, Leonard"]
[Result "0-1"]
[WhiteElo "2061"]
[BlackElo "2261"]
[PlyCount "56"]
[EventDate "2023.10.22"]
[EventType "team-tourn"]
[EventRounds "11"]
[EventCountry "GER"]
[SourceTitle "EXT 2025"]
[Source "ChessBase"]
[SourceDate "2024.10.14"]
[SourceVersion "1"]
[SourceVersionDate "2024.10.14"]
[SourceQuality "1"]
[WhiteTeam "Magdeburg Aufbau Elbe II"]
[BlackTeam "Leipzig SG"]
[WhiteTeamCountry "GER"]
[BlackTeamCountry "GER"]

1. e4 c5 2. Nf3 d6 3. d4 cxd4 4. Nxd4 Nf6 5. Nc3 Nc6 6. Bg5 Bd7 7. Nxc6 bxc6 8. Bc4 Qa5 9. Bxf6 gxf6 10. 0-0 Rb8 11. Rb1 e6 12. Qd3 Be7 13. a3 0-0 14. b4 Qc7 15. f4 Kh8 16. Rbd1 a5 17. Rf3 Rg8 18. f5 axb4 19. axb4 d5 20. Bb3 Rxb4 21. Rh3 Qb6+ 22. Kh1 Qf2 23. Rg3 Rxg3 24. hxg3 Bd6 25. Na2 Rxe4 26. Rf1 Qxg3 27. Qxg3 Bxg3 28. fxe6 fxe6 0-1